<?xml version="1.0" encoding="UTF-8"?>
<collection xmlns="http://www.loc.gov/MARC21/slim">
 <record>
  <leader>05984pam a2200613 i 4500</leader>
  <controlfield tag="001">AALScienceDirectebook000003</controlfield>
  <controlfield tag="003">BD-DhAAL</controlfield>
  <controlfield tag="005">20191205133250.0</controlfield>
  <controlfield tag="006">m     o  d        </controlfield>
  <controlfield tag="007">cr cnu|||unuuu</controlfield>
  <controlfield tag="008">180730s2018    enk     ob    001 0 eng d</controlfield>
  <datafield tag="999" ind1=" " ind2=" ">
   <subfield code="c">41948</subfield>
   <subfield code="d">41948</subfield>
  </datafield>
  <datafield tag="015" ind1=" " ind2=" ">
   <subfield code="a">GBB8C0857</subfield>
   <subfield code="2">bnb</subfield>
  </datafield>
  <datafield tag="016" ind1="7" ind2=" ">
   <subfield code="a">018922633</subfield>
   <subfield code="2">Uk</subfield>
  </datafield>
  <datafield tag="020" ind1=" " ind2=" ">
   <subfield code="a">0128144246</subfield>
  </datafield>
  <datafield tag="020" ind1=" " ind2=" ">
   <subfield code="a">9780128144244</subfield>
  </datafield>
  <datafield tag="020" ind1=" " ind2=" ">
   <subfield code="z">0128144238</subfield>
  </datafield>
  <datafield tag="020" ind1=" " ind2=" ">
   <subfield code="z">9780128144237</subfield>
  </datafield>
  <datafield tag="035" ind1=" " ind2=" ">
   <subfield code="a">(OCoLC)1046633728</subfield>
   <subfield code="z">(OCoLC)1047806807</subfield>
  </datafield>
  <datafield tag="040" ind1=" " ind2=" ">
   <subfield code="a">BD-DhAAL</subfield>
  </datafield>
  <datafield tag="050" ind1=" " ind2="4">
   <subfield code="a">RS200</subfield>
  </datafield>
  <datafield tag="072" ind1=" " ind2="7">
   <subfield code="a">MED</subfield>
   <subfield code="x">071000</subfield>
   <subfield code="2">bisacsh</subfield>
  </datafield>
  <datafield tag="082" ind1="0" ind2="4">
   <subfield code="a">615.19</subfield>
   <subfield code="2">23</subfield>
  </datafield>
  <datafield tag="245" ind1="0" ind2="0">
   <subfield code="a">Dosage form design considerations.</subfield>
   <subfield code="n">Volume 1 /</subfield>
   <subfield code="c">edited by Rakesh K. Tekade.</subfield>
   <subfield code="h">[electronic resource]</subfield>
  </datafield>
  <datafield tag="260" ind1=" " ind2="1">
   <subfield code="a">London, United Kingdom :</subfield>
   <subfield code="b">Elsevier,</subfield>
   <subfield code="c">[2018]</subfield>
  </datafield>
  <datafield tag="300" ind1=" " ind2=" ">
   <subfield code="a">1 online resource.</subfield>
  </datafield>
  <datafield tag="490" ind1="1" ind2=" ">
   <subfield code="a">Advances in pharmaceutical product development and research series</subfield>
  </datafield>
  <datafield tag="500" ind1=" " ind2=" ">
   <subfield code="a">&lt;strong&gt;Off-Campus Access:&lt;/strong&gt; Athens ID and Password Required</subfield>
  </datafield>
  <datafield tag="500" ind1=" " ind2=" ">
   <subfield code="a">&lt;strong&gt;On-Campus Access:&lt;/strong&gt; No User ID or Password Required</subfield>
  </datafield>
  <datafield tag="504" ind1=" " ind2=" ">
   <subfield code="a">Includes bibliographical references and index.</subfield>
  </datafield>
  <datafield tag="505" ind1="0" ind2=" ">
   <subfield code="a">Front Cover; Dosage Form Design Considerations; Copyright Page; Dedication; Contents; List of Contributors; About the Editor; 1 Preformulation in Drug Research and Pharmaceutical Product Development; 1.1 Introduction; 1.1.1 An Overview of Formulation Life Cycle and Management; 1.1.2 Need of Preformulation: First Stage of Formulation Development; 1.1.3 Major Hurdles Impeding Successful Product Development; 1.1.4 Role of Preformulation During Product Development; 1.2 Parameters of preformulation studies; 1.2.1 Solubility; 1.2.2 The Permeability of the Drug</subfield>
  </datafield>
  <datafield tag="505" ind1="8" ind2=" ">
   <subfield code="a">1.2.3 Bulk Characterization: Physical, Analytical, and Physicochemical1.2.4 Inherent Properties: pH, pKa, Log P, Log D, and Intrinsic Dissolution; 1.2.5 Stability: The Solution, Solid State, &amp; ICH Photostability; 1.2.6 Drug-Excipient Compatibility; 1.2.7 Particle Size and Distribution; 1.2.8 Thermal Properties; 1.2.9 Hygroscopicity; 1.2.10 Bulk Properties; 1.2.11 Mechanical Properties and Compatibility; 1.2.12 Crystallinity and Polymorphism; 1.3 Role of preformulation in drug discovery; 1.3.1 Material Properties in Lead Selection, High Throughput Preformulation Studies</subfield>
  </datafield>
  <datafield tag="505" ind1="8" ind2=" ">
   <subfield code="a">1.3.2 &quot;Drugability&quot; of New Chemical Entities1.3.3 Tools to Assist in Lead Selection; 1.4 Role of preformulation in drug development; 1.4.1 Identification of Challenges During Formulation Development: Pre-Assumptions; 1.4.2 The Dosage Form Specific Studies; 1.5 Preformulation studies of proteins and peptides; 1.6 Preformulation in vaccine development: Critical views; 1.7 Preformulation studies of packaging components; 1.8 Preformulation in 21st century: technological advancements; 1.8.1 Computerization and Aid of Software in the Preformulation Studies</subfield>
  </datafield>
  <datafield tag="505" ind1="8" ind2=" ">
   <subfield code="a">1.8.2 Artificial Neural Network Tool Used in the Factorial Design: An Optimization Approach1.9 Case studies on preformulation of dosage forms; 1.10 Pharmacokinetics and preformulation: Point to note; 1.11 Rules and regulations in preformulation studies: Role of regulatory bodies; 1.12 Future remarks and conclusion; Acknowledgment; Abbreviations; References; Further Reading; 2 Physicochemical Aspects to Be Considered in Pharmaceutical Product Development; 2.1 Introduction; 2.2 Physical Characteristics of Solid Substances Used in Pharmaceutical Product Development</subfield>
  </datafield>
  <datafield tag="505" ind1="8" ind2=" ">
   <subfield code="a">2.2.1 Crystalline Solid-State Substances2.2.1.1 Polymorphism; 2.2.1.2 Hydrates; 2.2.1.3 Solvates; 2.2.1.4 Cocrystals; 2.2.2 Amorphous Solids; 2.2.3 Particle Size; 2.2.4 Wettability; 2.2.5 Hygroscopicity; 2.3 Chemical Characteristics to be Considered in Pharmaceutical Product Development; 2.3.1 Degradation Reactions of Drugs; 2.3.1.1 Hydrolysis; 2.3.1.2 Dehydration; 2.3.1.3 Oxidation; 2.3.1.4 Photochemical Degradation; 2.3.1.5 Isomerization; 2.3.1.6 Polymerization; 2.3.1.7 Other Reactions; 2.4 Solubility Aspects in Pharmaceutical Products Development; 2.4.1 Aqueous Solubility</subfield>
  </datafield>
  <datafield tag="506" ind1=" " ind2=" ">
   <subfield code="a">Electronic access restricted to authorized BRAC University faculty, staff and students</subfield>
  </datafield>
  <datafield tag="520" ind1=" " ind2=" ">
   <subfield code="a">Dosage Form Design Parameters, Volume I, examines the history and current state of the field within the pharmaceutical sciences, presenting key developments. Content includes drug development issues, the scale up of formulations, regulatory issues, intellectual property, solid state properties and polymorphism. Written by experts in the field, this volume in the Advances in Pharmaceutical Product Development and Research series deepens our understanding of dosage form design parameters. Chapters delve into a particular aspect of this fundamental field, covering principles, methodologies and the technologies employed by pharmaceutical scientists. In addition, the book contains a comprehensive examination suitable for researchers and advanced students working in pharmaceuticals, cosmetics, biotechnology and related industries.</subfield>
  </datafield>
  <datafield tag="538" ind1=" " ind2=" ">
   <subfield code="a">Mode of access: Internet</subfield>
  </datafield>
  <datafield tag="650" ind1=" " ind2="0">
   <subfield code="a">Drug delivery systems.</subfield>
   <subfield code="9">37984</subfield>
  </datafield>
  <datafield tag="650" ind1=" " ind2="0">
   <subfield code="a">Drug development.</subfield>
   <subfield code="9">37985</subfield>
  </datafield>
  <datafield tag="650" ind1=" " ind2="0">
   <subfield code="a">Drugs</subfield>
   <subfield code="x">Design.</subfield>
   <subfield code="9">37986</subfield>
  </datafield>
  <datafield tag="650" ind1=" " ind2="0">
   <subfield code="a">Drugs</subfield>
   <subfield code="x">Dosage forms.</subfield>
   <subfield code="9">37987</subfield>
  </datafield>
  <datafield tag="650" ind1=" " ind2="7">
   <subfield code="a">Drug delivery systems.</subfield>
   <subfield code="2">fast</subfield>
   <subfield code="9">37984</subfield>
  </datafield>
  <datafield tag="650" ind1=" " ind2="7">
   <subfield code="a">Drug development.</subfield>
   <subfield code="2">fast</subfield>
   <subfield code="9">37985</subfield>
  </datafield>
  <datafield tag="650" ind1=" " ind2="7">
   <subfield code="a">Drugs</subfield>
   <subfield code="x">Design.</subfield>
   <subfield code="2">fast</subfield>
   <subfield code="9">37986</subfield>
  </datafield>
  <datafield tag="650" ind1=" " ind2="7">
   <subfield code="a">Drugs</subfield>
   <subfield code="x">Dosage forms.</subfield>
   <subfield code="2">fast</subfield>
   <subfield code="9">37987</subfield>
  </datafield>
  <datafield tag="650" ind1=" " ind2="7">
   <subfield code="a">MEDICAL / Pharmacology.</subfield>
   <subfield code="2">bisacsh</subfield>
   <subfield code="9">37988</subfield>
  </datafield>
  <datafield tag="655" ind1=" " ind2="4">
   <subfield code="a">Electronic books.</subfield>
   <subfield code="9">37989</subfield>
  </datafield>
  <datafield tag="700" ind1="1" ind2=" ">
   <subfield code="a">Tekade, Rakesh K.,</subfield>
   <subfield code="e">editor.</subfield>
   <subfield code="9">37990</subfield>
  </datafield>
  <datafield tag="776" ind1="0" ind2="8">
   <subfield code="c">Original</subfield>
   <subfield code="z">0128144238</subfield>
   <subfield code="z">9780128144237</subfield>
   <subfield code="w">(OCoLC)1007038271</subfield>
  </datafield>
  <datafield tag="830" ind1=" " ind2="0">
   <subfield code="a">Advances in pharmaceutical product development and research series.</subfield>
   <subfield code="9">37991</subfield>
  </datafield>
  <datafield tag="856" ind1="4" ind2="0">
   <subfield code="z">Full text available on ScienceDirect</subfield>
   <subfield code="u">https://www.sciencedirect.com/science/book/9780128144237</subfield>
  </datafield>
  <datafield tag="942" ind1=" " ind2=" ">
   <subfield code="2">ddc</subfield>
   <subfield code="c">EBK</subfield>
  </datafield>
  <datafield tag="952" ind1=" " ind2=" ">
   <subfield code="0">0</subfield>
   <subfield code="1">0</subfield>
   <subfield code="2">ddc</subfield>
   <subfield code="4">0</subfield>
   <subfield code="6">615_190000000000000_DOS</subfield>
   <subfield code="7">0</subfield>
   <subfield code="9">67371</subfield>
   <subfield code="a">BRACUL</subfield>
   <subfield code="b">BRACUL</subfield>
   <subfield code="d">2019-12-05</subfield>
   <subfield code="l">0</subfield>
   <subfield code="o">615.19 DOS</subfield>
   <subfield code="r">2019-12-05</subfield>
   <subfield code="w">2019-12-05</subfield>
   <subfield code="y">EBK</subfield>
  </datafield>
 </record>
</collection>
